000 00733nam a2200241Ia 4500
003 OSt
005 20220923212302.0
006 a|||||r|||| 00| 0
007 ta
008 220922b |||||||| |||| 00| 0 hin d
024 _a151,995
037 _cTextual
040 _aARTS
_cARTS
_bhin
041 _2hin
_ahin
082 _aDelta2, 152L3
100 _aचौहान, प्रताप सिंह
245 0 _aसन्त मत
246 _aSanta mata
260 _aकानपुर
_b ्र्रग्रंथम प्रकाशन
_c1973
300 _a198 पृ.
_ccm.
942 _hDelta2, 152L3
_cTEXL
_2CC
999 _c307668
_d307668